[Event "Moscow Open 2016 B"]
[Site "?"]
[Date "2016.02.02"]
[Round "4.21"]
[White "Semenova, Elena"]
[Black "Mirzoeva, Elmira"]
[Result "1/2-1/2"]
[BlackElo "2361"]
[WhiteElo "2207"]
[LiveChessVersion "1.4.7"]

1. e4 {[%clk 1:30:55]} c5 {[%clk 1:30:53]} 2. Nc3 {[%clk 1:30:52]} Nc6
{[%clk 1:30:35]} 3. Bb5 {[%clk 1:30:42]} Nd4 {[%clk 1:29:36]} 4. Nf3
{[%clk 1:30:27]} g6 {[%clk 1:29:03]} 5. O-O {[%clk 1:27:44]} Bg7 {[%clk 1:28:01]}
6. Bc4 {[%clk 1:22:55]} d6 {[%clk 1:23:58]} 7. Nxd4 {[%clk 1:20:03]} cxd4
{[%clk 1:24:02]} 8. Ne2 {[%clk 1:20:14]} Nf6 {[%clk 1:16:14]} 9. d3
{[%clk 1:15:31]} d5 {[%clk 0:57:31]} 10. Bb5+ {[%clk 1:11:16]} Bd7
{[%clk 0:57:11]} 11. Nxd4 {[%clk 1:05:31]} dxe4 {[%clk 0:54:30]} 12. dxe4
{[%clk 0:57:14]} Nxe4 {[%clk 0:50:32]} 13. Qe2 {[%clk 0:49:08]} Nd6
{[%clk 0:43:24]} 14. Bxd7+ {[%clk 0:45:51]} Qxd7 {[%clk 0:43:43]} 15. Be3
{[%clk 0:45:28]} O-O {[%clk 0:42:43]} 16. c3 {[%clk 0:41:31]} e5 {[%clk 0:30:09]}
17. Nc2 {[%clk 0:40:35]} Qe6 {[%clk 0:30:03]} 18. Bc5 {[%clk 0:36:04]} Rfd8
{[%clk 0:26:30]} 19. Rfd1 {[%clk 0:30:37]} Nc4 {[%clk 0:19:33]} 20. b3
{[%clk 0:20:49]} Rdc8 {[%clk 0:15:33]} 21. Be3 {[%clk 0:12:29]} Nxe3
{[%clk 0:12:26]} 22. Qxe3 {[%clk 0:12:55]} b6 {[%clk 0:12:42]} 23. Nb4
{[%clk 0:07:49]} Rd8 {[%clk 0:08:48]} 24. c4 {[%clk 0:07:55]} Rd4
{[%clk 0:04:10]} 25. Nd5 {[%clk 0:07:00]} Rd8 {[%clk 0:03:04]} 26. a4
{[%clk 0:04:45]} h6 {[%clk 0:03:18]} 27. h3 {[%clk 0:05:00]} Kh7 {[%clk 0:02:17]}
28. Rxd4 {[%clk 0:01:04]} exd4 {[%clk 0:02:45]} 29. Qd3 {[%clk 0:01:22]} f5
{[%clk 0:01:03]} 30. Rd1 {[%clk 0:01:21]} Qe5 {[%clk 0:01:06]} 31. Nb4
{[%clk 0:01:05]} Rd7 {[%clk 0:01:05]} 32. Qd2 {[%clk 0:00:57]} Qa5
{[%clk 0:00:52]} 33. Nd5 {[%clk 0:01:07]} Qc5 {[%clk 0:00:43]} 34. Qd3
{[%clk 0:01:07]} a6 {[%clk 0:00:57]} 35. b4 {[%clk 0:00:54]} Qd6 {[%clk 0:01:24]}
36. b5 {[%clk 0:01:15]} axb5 {[%clk 0:01:33]} 37. axb5 {[%clk 0:01:42]} Ra7
{[%clk 0:01:55]} 38. Qg3 {[%clk 0:01:00]} Be5 {[%clk 0:01:59]} 39. f4
{[%clk 0:00:48]} Bg7 {[%clk 0:02:25]} 40. Rb1 {[%clk 0:30:38]} Ra3
{[%clk 0:31:16]} 41. Qe1 {[%clk 0:24:03]} Ra4 {[%clk 0:22:13]} 42. Rc1
{[%clk 0:16:50]} d3 {[%clk 0:19:30]} 43. Qe3 {[%clk 0:12:07]} Rxc4
{[%clk 0:15:11]} 44. Rxc4 {[%clk 0:12:34]} Qxd5 {[%clk 0:15:36]} 45. Rc7
{[%clk 0:12:32]} d2 {[%clk 0:15:37]} 46. Rxg7+ {[%clk 0:12:10]} Kxg7
{[%clk 0:16:02]} 47. Qe7+ {[%clk 0:12:29]} Kg8 {[%clk 0:12:26]} 48. Qe8+
{[%clk 0:12:51]} Kh7 {[%clk 0:12:19]} 49. Qe7+ {[%clk 0:13:12]} Kh8
{[%clk 0:11:30]} 50. Qf8+ {[%clk 0:13:16]} Kh7 {[%clk 0:11:36]} 51. Qe7+
{[%clk 0:13:42]} Kg8 {[%clk 0:09:07]} 52. Qe8+ {[%clk 0:14:06]} Kg7
{[%clk 0:09:35]} 53. Qe7+ {[%clk 0:14:28]} Qf7 {[%clk 0:08:34]} 54. Qd8
{[%clk 0:13:12]} Qa2 {[%clk 0:03:17]} 55. Qe7+ {[%clk 0:13:37]} Kg8
{[%clk 0:03:39]} 56. Qe8+ {[%clk 0:13:55]} Kg7 {[%clk 0:04:05]} 57. Qd7+ Kg8 58.
Qd5+ Kg7 59. Qd7+ Kf6 60. Qc6+ Ke7 61. Qc7+ Ke6 62. Qe5+ Kd7 63. Qd5+ 1/2-1/2

[Event "Moscow Open 2016 B"]
[Site "?"]
[Date "2016.02.02"]
[Round "4.22"]
[White "Obolentseva, Alexandra"]
[Black "Charochkina, Daria"]
[Result "1-0"]
[BlackElo "2396"]
[WhiteElo "2194"]
[LiveChessVersion "1.4.7"]

1. Nf3 {[%clk 1:30:56]} Nf6 {[%clk 1:21:16]} 2. c4 {[%clk 1:31:17]} e6
{[%clk 1:21:18]} 3. Nc3 {[%clk 1:31:07]} c5 {[%clk 1:20:59]} 4. g3
{[%clk 1:29:08]} Nc6 {[%clk 1:18:34]} 5. Bg2 {[%clk 1:29:30]} Be7
{[%clk 1:18:13]} 6. O-O {[%clk 1:29:52]} O-O {[%clk 1:18:12]} 7. d4
{[%clk 1:29:24]} cxd4 {[%clk 1:18:26]} 8. Nxd4 {[%clk 1:29:36]} Qb6
{[%clk 1:18:38]} 9. Ndb5 {[%clk 1:22:48]} a6 {[%clk 1:13:05]} 10. Be3
{[%clk 1:22:02]} Qa5 {[%clk 1:12:21]} 11. Nd4 {[%clk 1:14:32]} Ng4
{[%clk 1:10:25]} 12. Nxc6 {[%clk 1:07:19]} bxc6 {[%clk 1:10:22]} 13. Bd2
{[%clk 1:07:11]} Qc7 {[%clk 0:59:01]} 14. h3 {[%clk 1:06:15]} Ne5
{[%clk 0:59:10]} 15. Bf4 {[%clk 1:04:08]} Rb8 {[%clk 0:58:42]} 16. Qd4
{[%clk 1:00:46]} f6 {[%clk 0:58:57]} 17. Rac1 {[%clk 0:58:27]} d6
{[%clk 0:42:35]} 18. Bxe5 {[%clk 0:55:57]} fxe5 {[%clk 0:40:25]} 19. Qd2
{[%clk 0:56:08]} a5 {[%clk 0:36:57]} 20. b3 {[%clk 0:55:23]} Bd7 {[%clk 0:35:57]}
21. e3 {[%clk 0:48:22]} Qa7 {[%clk 0:35:03]} 22. Rfd1 {[%clk 0:40:50]} Rbd8
{[%clk 0:35:23]} 23. c5 {[%clk 0:36:35]} d5 {[%clk 0:34:45]} 24. Na4
{[%clk 0:36:58]} e4 {[%clk 0:33:45]} 25. Nb6 {[%clk 0:32:10]} Be8
{[%clk 0:34:04]} 26. Qd4 {[%clk 0:31:05]} Qc7 {[%clk 0:30:33]} 27. Qa4
{[%clk 0:29:08]} Bh5 {[%clk 0:29:42]} 28. Rf1 {[%clk 0:28:22]} Be2
{[%clk 0:23:34]} 29. Rfe1 {[%clk 0:26:43]} Bd3 {[%clk 0:23:18]} 30. Qxa5
{[%clk 0:26:30]} Rxf2 {[%clk 0:16:50]} 31. Kxf2 {[%clk 0:26:19]} Rf8+
{[%clk 0:17:17]} 32. Kg1 {[%clk 0:26:40]} Qxg3 {[%clk 0:17:45]} 33. Qd2
{[%clk 0:26:41]} Bg5 {[%clk 0:18:11]} 34. Nd7 {[%clk 0:23:29]} Rf3
{[%clk 0:15:16]} 35. Qa5 {[%clk 0:18:59]} h6 {[%clk 0:14:30]} 36. Kh1
{[%clk 0:17:51]} Qh4 {[%clk 0:08:07]} 37. Qa8+ {[%clk 0:18:05]} Bd8
{[%clk 0:08:36]} 38. Qb8 {[%clk 0:16:43]} e5 {[%clk 0:02:08]} 39. Qxe5
{[%clk 0:15:27]} Rxh3+ {[%clk 0:02:35]} 40. Kg1 {[%clk 0:45:05]} Rh1+
{[%clk 0:30:46]} 41. Bxh1 {[%clk 0:45:29]} Qg4+ {[%clk 0:31:14]} 42. Bg2
{[%clk 0:45:51]} Qxd7 {[%clk 0:31:40]} 43. Qh5 {[%clk 0:44:13]} Bg5
{[%clk 0:30:23]} 44. Qh3 {[%clk 0:44:30]} Qe7 {[%clk 0:28:42]} 45. b4
{[%clk 0:40:07]} Qe5 {[%clk 0:28:52]} 46. Kh1 {[%clk 0:36:49]} Bd8
{[%clk 0:23:45]} 47. Qh2 {[%clk 0:35:54]} Qe7 {[%clk 0:23:37]} 48. Qd6
{[%clk 0:35:12]} Qh4+ {[%clk 0:22:34]} 49. Kg1 {[%clk 0:35:36]} Qg5
{[%clk 0:20:32]} 50. Qxc6 {[%clk 0:34:40]} Bf6 {[%clk 0:20:47]} 51. Qe6+
{[%clk 0:34:58]} Kh7 {[%clk 0:21:09]} 52. c6 {[%clk 0:34:38]} Bb2
{[%clk 0:20:15]} 53. c7 {[%clk 0:32:15]} Bxc1 {[%clk 0:20:40]} 54. c8=Q
{[%clk 0:30:37]} Bxe3+ {[%clk 0:21:07]} 55. Rxe3 {[%clk 0:31:02]} Qxe3+
{[%clk 0:21:32]} 56. Kh1 {[%clk 0:31:09]} Qe1+ {[%clk 0:19:09]} 57. Kh2
{[%clk 0:31:34]} 1-0

[Event "Moscow Open 2016 B"]
[Site "?"]
[Date "2016.02.02"]
[Round "4.23"]
[White "Nechaeva, Marina"]
[Black "Schneider, Veronika"]
[Result "1/2-1/2"]
[BlackElo "2259"]
[WhiteElo "2438"]
[LiveChessVersion "1.4.7"]

1. d4 {[%clk 1:30:57]} Nf6 {[%clk 1:30:36]} 2. c4 {[%clk 1:31:22]} g6
{[%clk 1:30:45]} 3. Nc3 {[%clk 1:31:46]} d5 {[%clk 1:31:07]} 4. Bg5
{[%clk 1:31:43]} Ne4 {[%clk 1:30:47]} 5. Bh4 {[%clk 1:32:07]} Nxc3
{[%clk 1:30:44]} 6. bxc3 {[%clk 1:32:33]} dxc4 {[%clk 1:30:38]} 7. e3
{[%clk 1:32:58]} Be6 {[%clk 1:30:19]} 8. Rb1 {[%clk 1:33:22]} Nd7
{[%clk 1:28:28]} 9. Nf3 {[%clk 1:33:10]} Nb6 {[%clk 1:26:08]} 10. Qc2
{[%clk 1:33:24]} Bg7 {[%clk 1:21:05]} 11. Be2 {[%clk 1:33:49]} O-O
{[%clk 1:20:21]} 12. O-O {[%clk 1:34:12]} Qe8 {[%clk 1:18:12]} 13. Nd2
{[%clk 1:34:27]} f5 {[%clk 1:14:44]} 14. Rfc1 {[%clk 1:27:38]} Qf7
{[%clk 1:10:40]} 15. Bf3 {[%clk 1:00:19]} Rab8 {[%clk 0:59:53]} 16. Bg3
{[%clk 0:46:50]} Nd5 {[%clk 0:49:23]} 17. Nxc4 {[%clk 0:46:34]} f4
{[%clk 0:49:07]} 18. exf4 {[%clk 0:45:50]} Nxf4 {[%clk 0:45:28]} 19. Ne3
{[%clk 0:27:51]} Bxa2 {[%clk 0:30:13]} 20. Ra1 {[%clk 0:28:14]} Bb3
{[%clk 0:30:02]} 21. Qb1 {[%clk 0:28:39]} Be6 {[%clk 0:22:15]} 22. Rxa7
{[%clk 0:28:56]} b5 {[%clk 0:21:13]} 23. Rxc7 {[%clk 0:23:40]} b4
{[%clk 0:18:32]} 24. cxb4 {[%clk 0:22:27]} Bxd4 {[%clk 0:18:24]} 25. Qe4
{[%clk 0:17:04]} Rxb4 {[%clk 0:17:28]} 26. Bxf4 {[%clk 0:16:53]} Bxe3
{[%clk 0:17:47]} 27. Qxb4 {[%clk 0:16:29]} Bxf4 {[%clk 0:18:07]} 28. Rxe7
{[%clk 0:16:16]} Bxc1 {[%clk 0:18:17]} 29. Rxf7 {[%clk 0:16:31]} Bxf7
{[%clk 0:18:34]} 30. Qc5 {[%clk 0:12:17]} Bb2 {[%clk 0:17:49]} 31. Bd5
{[%clk 0:12:20]} Bg7 {[%clk 0:15:19]} 32. g3 {[%clk 0:12:01]} Bxd5
{[%clk 0:15:01]} 33. Qxd5+ {[%clk 0:12:28]} Kh8 {[%clk 0:15:19]} 34. h4
{[%clk 0:11:40]} Rf5 {[%clk 0:07:17]} 35. Qe6 {[%clk 0:11:24]} Rf6
{[%clk 0:07:37]} 36. Qe8+ {[%clk 0:11:38]} Rf8 {[%clk 0:07:51]} 37. Qe4
{[%clk 0:11:58]} Rf7 {[%clk 0:03:30]} 38. Kg2 {[%clk 0:12:19]} Rf8
{[%clk 0:03:00]} 39. f3 {[%clk 0:12:34]} Bf6 {[%clk 0:02:16]} 40. Kh3
{[%clk 0:36:07]} Kg7 {[%clk 0:32:15]} 41. Qb7+ {[%clk 0:25:13]} Rf7
{[%clk 0:32:33]} 42. Qd5 {[%clk 0:25:34]} Re7 {[%clk 0:31:48]} 43. h5
{[%clk 0:16:40]} Re5 {[%clk 0:28:12]} 44. Qd7+ {[%clk 0:17:06]} Re7
{[%clk 0:28:07]} 45. Qg4 {[%clk 0:16:56]} Re5 {[%clk 0:27:34]} 46. hxg6
{[%clk 0:17:16]} hxg6 {[%clk 0:27:58]} 47. Qd7+ {[%clk 0:17:23]} Re7
{[%clk 0:28:16]} 48. Qd6 {[%clk 0:17:45]} Rf7 {[%clk 0:25:41]} 49. f4
{[%clk 0:18:07]} Be7 {[%clk 0:24:30]} 50. Qe6 {[%clk 0:17:51]} Bf6
{[%clk 0:24:22]} 51. Kg4 {[%clk 0:16:48]} Bc3 {[%clk 0:22:47]} 52. Qc6
{[%clk 0:16:58]} Bb2 {[%clk 0:22:09]} 53. Qb5 {[%clk 0:15:55]} Bc3
{[%clk 0:21:58]} 54. Kf3 {[%clk 0:16:16]} Bd4 {[%clk 0:20:19]} 55. Ke4
{[%clk 0:16:32]} Bf6 {[%clk 0:19:34]} 56. g4 {[%clk 0:12:39]} Re7+
{[%clk 0:19:58]} 57. Kf3 {[%clk 0:12:06]} Rf7 {[%clk 0:20:03]} 58. f5
{[%clk 0:06:23]} gxf5 {[%clk 0:19:03]} 59. gxf5 {[%clk 0:06:50]} Kh7
{[%clk 0:17:25]} 60. Qc6 {[%clk 0:06:55]} Bg7 {[%clk 0:16:44]} 61. Kg4
{[%clk 0:06:52]} Rf6 {[%clk 0:16:08]} 62. Qd7 {[%clk 0:06:49]} Kg8
{[%clk 0:15:37]} 63. Kg5 {[%clk 0:06:53]} Kh7 {[%clk 0:13:57]} 64. Qe7
{[%clk 0:05:51]} Rh6 {[%clk 0:13:01]} 65. Qf7 {[%clk 0:05:54]} Rd6
{[%clk 0:12:52]} 66. Qc7 {[%clk 0:05:51]} Rf6 {[%clk 0:12:50]} 67. Qc2
{[%clk 0:05:54]} Kg8 {[%clk 0:12:35]} 68. Qe4 {[%clk 0:06:00]} Kh7
{[%clk 0:12:19]} 69. Qd3 {[%clk 0:06:25]} Kg8 {[%clk 0:11:30]} 70. Qd8+
{[%clk 0:06:49]} Kf7 {[%clk 0:09:37]} 71. Qd5+ {[%clk 0:06:51]} Kf8
{[%clk 0:09:38]} 72. Kh5 {[%clk 0:06:49]} Rh6+ {[%clk 0:09:55]} 73. Kg4
{[%clk 0:07:17]} Rf6 {[%clk 0:09:13]} 74. Kg5 {[%clk 0:07:43]} Rh6
{[%clk 0:09:13]} 75. Qb7 {[%clk 0:06:00]} Rf6 {[%clk 0:09:08]} 76. Kf4
{[%clk 0:06:17]} Rh6 {[%clk 0:09:06]} 77. Qc7 {[%clk 0:05:53]} Rf6
{[%clk 0:09:14]} 78. Kg5 {[%clk 0:06:18]} Rh6 {[%clk 0:08:36]} 79. Qg3
{[%clk 0:06:27]} Rf6 {[%clk 0:08:14]} 80. Qb8+ {[%clk 0:06:53]} Kf7
{[%clk 0:08:28]} 81. Qe5 {[%clk 0:07:15]} Rh6 {[%clk 0:07:58]} 82. Qc7+
{[%clk 0:07:25]} Kf8 {[%clk 0:08:09]} 83. Qd7 {[%clk 0:07:31]} Rf6
{[%clk 0:08:08]} 84. Qd8+ {[%clk 0:07:58]} Kf7 {[%clk 0:08:26]} 85. Qxf6+
{[%clk 0:08:23]} Bxf6+ {[%clk 0:08:51]} 1/2-1/2

[Event "Moscow Open 2016 B"]
[Site "?"]
[Date "2016.02.02"]
[Round "4.24"]
[White "Drozdova, Dina"]
[Black "Kovanova, Baira"]
[Result "0-1"]
[BlackElo "2381"]
[WhiteElo "2238"]
[LiveChessVersion "1.4.7"]

1. d4 {[%clk 1:30:51]} Nf6 {[%clk 1:30:55]} 2. c4 {[%clk 1:31:14]} e6
{[%clk 1:31:21]} 3. Nf3 {[%clk 1:31:29]} Bb4+ {[%clk 1:31:31]} 4. Bd2
{[%clk 1:27:13]} Bxd2+ {[%clk 1:29:00]} 5. Qxd2 {[%clk 1:26:51]} O-O
{[%clk 1:27:55]} 6. Nc3 {[%clk 1:24:24]} d5 {[%clk 1:26:04]} 7. e3
{[%clk 1:21:37]} Qe7 {[%clk 1:24:15]} 8. Bd3 {[%clk 1:14:50]} Rd8
{[%clk 1:19:39]} 9. Qc2 {[%clk 1:09:10]} a6 {[%clk 1:15:57]} 10. O-O
{[%clk 0:58:10]} h6 {[%clk 1:10:26]} 11. Rac1 {[%clk 0:51:39]} Nc6
{[%clk 1:04:28]} 12. a3 {[%clk 0:45:16]} Na5 {[%clk 0:50:23]} 13. cxd5
{[%clk 0:25:17]} exd5 {[%clk 0:50:15]} 14. Ne2 {[%clk 0:22:35]} Nc6
{[%clk 0:47:33]} 15. Ng3 {[%clk 0:19:14]} Re8 {[%clk 0:46:32]} 16. Ne5
{[%clk 0:18:39]} Nxe5 {[%clk 0:43:15]} 17. dxe5 {[%clk 0:18:17]} Qxe5
{[%clk 0:35:33]} 18. Qxc7 {[%clk 0:17:59]} Qxb2 {[%clk 0:32:44]} 19. Rc3
{[%clk 0:17:09]} d4 {[%clk 0:30:17]} 20. exd4 {[%clk 0:05:03]} Nd5
{[%clk 0:29:47]} 21. Rc2 {[%clk 0:04:46]} Qxa3 {[%clk 0:28:32]} 22. Qc4
{[%clk 0:03:11]} Be6 {[%clk 0:27:23]} 23. Be4 {[%clk 0:03:29]} Ne3
{[%clk 0:24:01]} 24. Qc3 {[%clk 0:02:51]} Nxc2 {[%clk 0:17:48]} 25. Qxc2
{[%clk 0:03:16]} Rad8 {[%clk 0:15:53]} 26. Bxb7 {[%clk 0:03:08]} Rxd4
{[%clk 0:14:20]} 27. Qc6 {[%clk 0:03:23]} Red8 {[%clk 0:14:21]} 28. Qxa6
{[%clk 0:03:11]} Qb4 {[%clk 0:13:51]} 29. Bf3 {[%clk 0:00:45]} Bc4
{[%clk 0:13:17]} 30. Qa7 {[%clk 0:00:56]} Bxf1 {[%clk 0:13:21]} 31. Nxf1
{[%clk 0:01:22]} Qc3 {[%clk 0:10:03]} 32. h3 {[%clk 0:01:07]} Rf4
{[%clk 0:09:58]} 33. Qb7 {[%clk 0:00:53]} Rf6 {[%clk 0:09:07]} 34. Ng3
{[%clk 0:00:38]} Qe1+ {[%clk 0:08:49]} 35. Nf1 {[%clk 0:01:03]} g6
{[%clk 0:05:51]} 36. Qb2 {[%clk 0:00:41]} Rxf3 {[%clk 0:02:55]} 37. gxf3
{[%clk 0:01:07]} Rd1 {[%clk 0:02:33]} 38. Qb5 {[%clk 0:01:29]} h5
{[%clk 0:02:22]} 39. Kg2 {[%clk 0:01:27]} Rc1 {[%clk 0:02:29]} 40. Qd3
{[%clk 0:31:22]} Kh7 {[%clk 0:32:03]} 41. f4 {[%clk 0:29:36]} h4 {[%clk 0:20:43]}
42. Kg1 {[%clk 0:27:22]} Qe7 {[%clk 0:15:19]} 43. Kg2 {[%clk 0:22:41]} Qf6
{[%clk 0:14:31]} 44. Qe4 {[%clk 0:20:49]} Rd1 {[%clk 0:10:00]} 45. Ne3
{[%clk 0:17:57]} Rd4 {[%clk 0:08:42]} 46. Nd5 {[%clk 0:17:29]} Qg7
{[%clk 0:08:37]} 47. Qf3 {[%clk 0:17:38]} f5 {[%clk 0:08:40]} 48. Nc3
{[%clk 0:17:10]} Qd7 {[%clk 0:07:57]} 49. Ne2 {[%clk 0:17:09]} Rb4
{[%clk 0:07:33]} 50. Nc3 {[%clk 0:14:53]} Qd6 {[%clk 0:07:30]} 51. Ne2
{[%clk 0:12:45]} Re4 {[%clk 0:07:28]} 52. Nc3 {[%clk 0:09:30]} Rxf4
{[%clk 0:07:36]} 53. Qb7+ {[%clk 0:09:55]} Kh6 {[%clk 0:07:52]} 54. Qc8
{[%clk 0:09:58]} Qd4 {[%clk 0:04:12]} 0-1

[Event "Moscow Open 2016 B"]
[Site "?"]
[Date "2016.02.02"]
[Round "4.25"]
[White "Zhou, Guijue"]
[Black "Osmak, Iulija"]
[Result "0-1"]
[BlackElo "2343"]
[WhiteElo "2237"]
[LiveChessVersion "1.4.7"]

1. e4 {[%clk 1:30:57]} d6 {[%clk 1:30:56]} 2. d4 {[%clk 1:31:22]} Nf6
{[%clk 1:31:23]} 3. Nc3 {[%clk 1:31:49]} e5 {[%clk 1:31:48]} 4. Nge2
{[%clk 1:32:15]} Nbd7 {[%clk 1:31:21]} 5. g3 {[%clk 1:32:38]} Be7
{[%clk 1:31:23]} 6. Bg2 {[%clk 1:33:02]} O-O {[%clk 1:31:42]} 7. O-O
{[%clk 1:33:27]} c6 {[%clk 1:31:37]} 8. h3 {[%clk 1:33:20]} b5 {[%clk 1:30:18]}
9. a3 {[%clk 1:33:45]} Bb7 {[%clk 1:28:03]} 10. g4 {[%clk 1:34:01]} Nb6
{[%clk 1:20:40]} 11. Ng3 {[%clk 1:33:01]} Re8 {[%clk 1:17:37]} 12. f4
{[%clk 1:25:40]} Bf8 {[%clk 1:13:13]} 13. Nce2 {[%clk 1:15:59]} exd4
{[%clk 0:56:07]} 14. g5 {[%clk 1:15:57]} Nfd7 {[%clk 0:56:30]} 15. Nxd4
{[%clk 1:16:20]} a6 {[%clk 0:56:38]} 16. b3 {[%clk 1:05:34]} d5 {[%clk 0:50:42]}
17. e5 {[%clk 1:05:08]} c5 {[%clk 0:50:44]} 18. Ndf5 {[%clk 1:05:28]} Qc7
{[%clk 0:50:32]} 19. Bb2 {[%clk 1:01:21]} g6 {[%clk 0:35:02]} 20. Nh6+
{[%clk 0:57:42]} Bxh6 {[%clk 0:35:28]} 21. gxh6 {[%clk 0:58:09]} d4
{[%clk 0:34:57]} 22. Ne4 {[%clk 0:58:14]} Nd5 {[%clk 0:35:10]} 23. Rf3
{[%clk 0:53:52]} Nc3 {[%clk 0:29:49]} 24. Nxc3 {[%clk 0:53:31]} dxc3
{[%clk 0:29:28]} 25. Rxc3 {[%clk 0:53:49]} Bxg2 {[%clk 0:29:13]} 26. Kxg2
{[%clk 0:54:15]} Rad8 {[%clk 0:28:14]} 27. Qe2 {[%clk 0:49:31]} Nf8
{[%clk 0:26:06]} 28. Rd3 {[%clk 0:48:44]} c4 {[%clk 0:21:35]} 29. Rxd8
{[%clk 0:48:26]} Rxd8 {[%clk 0:21:55]} 30. Rd1 {[%clk 0:46:45]} Ne6
{[%clk 0:20:20]} 31. Kg3 {[%clk 0:46:37]} Rxd1 {[%clk 0:19:00]} 32. Qxd1
{[%clk 0:47:01]} Qc5 {[%clk 0:19:04]} 33. Qe1 {[%clk 0:41:43]} Qd5
{[%clk 0:12:40]} 34. b4 {[%clk 0:39:01]} Kf8 {[%clk 0:08:59]} 35. Bc3
{[%clk 0:37:46]} Ke8 {[%clk 0:07:41]} 36. h4 {[%clk 0:35:19]} Nd8
{[%clk 0:03:38]} 37. Qe2 {[%clk 0:33:14]} Nc6 {[%clk 0:02:26]} 38. Qf3
{[%clk 0:18:06]} Ne7 {[%clk 0:02:52]} 39. Qxd5 {[%clk 0:17:07]} Nxd5
{[%clk 0:03:19]} 40. Bd2 {[%clk 0:47:31]} Kd7 {[%clk 0:32:32]} 41. Kf3
{[%clk 0:45:22]} Ne7 {[%clk 0:21:14]} 42. Ke4 {[%clk 0:44:18]} Nf5
{[%clk 0:19:02]} 43. Be1 {[%clk 0:43:54]} Nxh6 {[%clk 0:18:07]} 44. Kd5
{[%clk 0:42:48]} Ng4 {[%clk 0:18:01]} 45. Bd2 {[%clk 0:42:25]} Nh2
{[%clk 0:16:54]} 46. Be3 {[%clk 0:40:00]} Nf3 {[%clk 0:16:23]} 47. Bf2
{[%clk 0:39:18]} Nd2 {[%clk 0:15:00]} 48. Bd4 {[%clk 0:32:58]} h5
{[%clk 0:10:34]} 49. Kc5 {[%clk 0:31:09]} Nb1 {[%clk 0:07:31]} 50. a4
{[%clk 0:23:47]} bxa4 {[%clk 0:07:51]} 51. Kxc4 {[%clk 0:24:09]} Kc6
{[%clk 0:08:16]} 52. Be3 {[%clk 0:22:13]} Na3+ {[%clk 0:08:26]} 53. Kc3
{[%clk 0:19:48]} Kb5 {[%clk 0:07:03]} 54. Bf2 {[%clk 0:17:58]} Nc4
{[%clk 0:07:01]} 55. Bd4 {[%clk 0:18:01]} Na3 {[%clk 0:04:40]} 56. Kb2
{[%clk 0:17:52]} Nc4+ {[%clk 0:04:53]} 57. Kc3 {[%clk 0:18:18]} a3
{[%clk 0:03:51]} 58. Kb3 {[%clk 0:18:20]} a2 {[%clk 0:04:07]} 59. Kxa2
{[%clk 0:16:20]} Kxb4 {[%clk 0:04:32]} 60. c3+ {[%clk 0:16:25]} Ka4
{[%clk 0:04:44]} 61. Bc5 {[%clk 0:16:31]} Kb5 {[%clk 0:04:24]} 62. Be7
{[%clk 0:16:47]} Nd2 {[%clk 0:04:16]} 63. Kb2 {[%clk 0:15:04]} Kc4
{[%clk 0:04:34]} 64. Kc2 {[%clk 0:13:17]} Ne4 {[%clk 0:04:39]} 65. Bb4
{[%clk 0:13:35]} Nf2 {[%clk 0:04:57]} 66. Ba5 {[%clk 0:08:51]} Nd3
{[%clk 0:04:56]} 67. Kd2 {[%clk 0:08:22]} Nxf4 {[%clk 0:05:12]} 68. Bb4
{[%clk 0:07:51]} Nd3 {[%clk 0:04:41]} 69. Bd6 {[%clk 0:08:12]} a5
{[%clk 0:04:47]} 70. Kc2 {[%clk 0:07:29]} a4 {[%clk 0:04:53]} 71. Kd2
{[%clk 0:07:36]} Nf2 {[%clk 0:04:27]} 72. Ke3 {[%clk 0:06:57]} Nd1+
{[%clk 0:04:02]} 73. Kf4 {[%clk 0:07:23]} Nxc3 {[%clk 0:02:48]} 74. e6
{[%clk 0:07:28]} fxe6 {[%clk 0:03:07]} 75. Ke5 {[%clk 0:07:56]} Nb5
{[%clk 0:02:55]} 76. Be7 {[%clk 0:08:22]} Nd4 {[%clk 0:02:47]} 77. Kf6
{[%clk 0:08:03]} Nf5 {[%clk 0:03:05]} 78. Bd8 {[%clk 0:06:08]} a3
{[%clk 0:03:18]} 79. Kxg6 {[%clk 0:06:29]} a2 {[%clk 0:03:43]} 80. Bf6
{[%clk 0:06:57]} Nd4 {[%clk 0:04:09]} 0-1

[Event "Moscow Open 2016 B"]
[Site "?"]
[Date "2016.02.03"]
[Round "5.19"]
[White "Obolentseva, Alexandra"]
[Black "Vasilevich, Tatjana"]
[Result "1-0"]
[BlackElo "2380"]
[WhiteElo "2194"]
[LiveChessVersion "1.4.7"]

1. d4 {[%clk 1:30:57]} f5 {[%clk 1:30:53]} 2. c4 {[%clk 1:31:18]} Nf6
{[%clk 1:31:06]} 3. g3 {[%clk 1:31:42]} g6 {[%clk 1:31:30]} 4. Bg2
{[%clk 1:32:07]} Bg7 {[%clk 1:31:56]} 5. Nc3 {[%clk 1:32:29]} d6 {[%clk 1:30:41]}
6. Nf3 {[%clk 1:31:53]} O-O {[%clk 1:31:01]} 7. O-O {[%clk 1:32:14]} Qe8
{[%clk 1:31:20]} 8. Qb3 {[%clk 1:28:53]} Na6 {[%clk 1:20:15]} 9. c5+
{[%clk 1:20:37]} Kh8 {[%clk 1:20:02]} 10. cxd6 {[%clk 1:18:10]} exd6
{[%clk 1:15:27]} 11. Rd1 {[%clk 1:12:03]} Qe7 {[%clk 1:06:02]} 12. Bg5
{[%clk 1:10:24]} c6 {[%clk 1:00:35]} 13. d5 {[%clk 1:07:59]} c5 {[%clk 0:58:38]}
14. Nh4 {[%clk 0:57:36]} Qf7 {[%clk 0:38:14]} 15. Bf4 {[%clk 0:56:16]} Rd8
{[%clk 0:33:54]} 16. Nb5 {[%clk 0:54:10]} Bf8 {[%clk 0:30:55]} 17. Nf3
{[%clk 0:51:39]} h6 {[%clk 0:30:06]} 18. Bd2 {[%clk 0:41:35]} Nc7
{[%clk 0:23:33]} 19. Nxc7 {[%clk 0:38:35]} Qxc7 {[%clk 0:24:02]} 20. Bc3
{[%clk 0:37:54]} Bg7 {[%clk 0:24:09]} 21. Qc4 {[%clk 0:36:36]} Re8
{[%clk 0:21:46]} 22. b4 {[%clk 0:35:04]} b6 {[%clk 0:12:00]} 23. bxc5
{[%clk 0:32:42]} bxc5 {[%clk 0:12:21]} 24. Nd4 {[%clk 0:31:43]} Qe7
{[%clk 0:07:32]} 25. Nc6 {[%clk 0:23:11]} Qf7 {[%clk 0:06:34]} 26. e3
{[%clk 0:20:46]} Ne4 {[%clk 0:04:48]} 27. Bxg7+ {[%clk 0:20:10]} Qxg7
{[%clk 0:05:17]} 28. f3 {[%clk 0:19:18]} Nf6 {[%clk 0:05:21]} 29. Re1
{[%clk 0:18:11]} Kh7 {[%clk 0:04:42]} 30. Rad1 {[%clk 0:17:35]} Qf7
{[%clk 0:04:18]} 31. e4 {[%clk 0:12:06]} fxe4 {[%clk 0:04:18]} 32. fxe4
{[%clk 0:12:29]} Bd7 {[%clk 0:02:10]} 33. e5 {[%clk 0:11:22]} Bxc6
{[%clk 0:02:06]} 34. e6 {[%clk 0:11:33]} Qe7 {[%clk 0:01:11]} 35. dxc6
{[%clk 0:11:57]} Rac8 {[%clk 0:00:52]} 36. Qf4 {[%clk 0:11:53]} Red8
{[%clk 0:00:52]} 37. Rb1 {[%clk 0:10:50]} Rc7 {[%clk 0:00:59]} 38. Rb7
{[%clk 0:10:08]} Rdc8 {[%clk 0:00:36]} 39. Qa4 {[%clk 0:09:13]} d5
{[%clk 0:00:43]} 40. Qxa7 {[%clk 0:38:24]} Qd6 {[%clk 0:31:11]} 41. e7
{[%clk 0:23:52]} Qxc6 {[%clk 0:26:19]} 42. Rxc7 {[%clk 0:23:52]} Rxc7
{[%clk 0:26:19]} 43. Qb8 {[%clk 0:24:04]} Ne8 {[%clk 0:08:14]} 44. Qd8
{[%clk 0:21:09]} c4 {[%clk 0:07:54]} 45. Bxd5 {[%clk 0:20:27]} Qc5+
{[%clk 0:08:18]} 46. Kg2 {[%clk 0:19:37]} Kg7 {[%clk 0:04:02]} 47. h4
{[%clk 0:11:56]} c3 {[%clk 0:03:07]} 48. Qxe8 {[%clk 0:12:04]} Qxd5+
{[%clk 0:03:28]} 49. Kh2 {[%clk 0:12:28]} Qf3 {[%clk 0:00:59]} 50. Qd8
{[%clk 0:12:08]} Qf2+ {[%clk 0:00:50]} 51. Kh3 {[%clk 0:12:30]} Qf5+
{[%clk 0:00:38]} 52. Kg2 {[%clk 0:12:50]} Rc8 {[%clk 0:00:33]} 53. e8=Q
{[%clk 0:12:33]} Rxd8 {[%clk 0:00:35]} 54. Re7+ {[%clk 0:12:51]} 1-0